[Event "4NCL/Div2/WRO vs. HKF2"]
[Site "Birmingham ENG"]
[Date "2007.11.10"]
[Round "3.1"]
[White "Gourlay, Iain"]
[Black "Therrien, Alex"]
[Result "1-0"]
[WhiteElo "2349"]
[BlackElo "2241"]
[PlyCount "67"]
[EventDate "2007.11.10"]
[EventType "team"]
[EventRounds "11"]
[EventCountry "ENG"]
[SourceDate "2007.09.15"]

1. Nf3 Nf6 2. g3 d5 3. Bg2 Bg4 4. c4 c6 5. Ne5 Bf5 6. cxd5 cxd5 7. Nc3 e6 8. g4
Bg6 9. Qa4+ Nfd7 10. h4 Bc2 11. Nxf7 Kxf7 12. Qxc2 Nc6 13. d3 Rc8 14. Kf1 Nce5
15. Qa4 Bd6 16. g5 Rf8 17. Bh3 Nc5 18. Qd1 d4 19. Nb5 Bb8 20. b4 Ncxd3 21. Qb3
Rxc1+ 22. Rxc1 Nf4 23. Rd1 d3 24. e3 Nd5 25. Nd4 Ke7 26. Rxd3 Nxd3 27. Qxd3 Bg3
28. f3 Nxb4 29. Qb3 Qb6 30. Kg2 Be5 31. Nxe6 Rc8 32. Nd4 Rc7 33. Rd1 Nc2 34.
Nf5+ 1-0

[Event "4NCL/Div2/WRO vs. HKF2"]
[Site "Birmingham ENG"]
[Date "2007.11.10"]
[Round "3.2"]
[White "Hagesaether, Arne"]
[Black "Kaid, Almar"]
[Result "1-0"]
[WhiteElo "2153"]
[BlackElo "2271"]
[PlyCount "55"]
[EventDate "2007.11.10"]
[EventType "team"]
[EventRounds "11"]
[EventCountry "ENG"]
[SourceDate "2007.09.15"]

1. e4 e6 2. d4 d5 3. Nc3 Nf6 4. e5 Nfd7 5. f4 c5 6. Nf3 Nc6 7. Be3 Be7 8. Qd2
O-O 9. O-O-O c4 10. f5 b5 11. f6 gxf6 12. exf6 Bxf6 13. Bh6 b4 14. Ne2 Qa5 15.
Kb1 c3 16. Qf4 b3 17. axb3 cxb2 18. Kxb2 Re8 19. Ng5 Nce5 20. Nc3 Ng6 21. Qf3
Qc7 22. Bb5 Qd8 23. Rhf1 Nh4 24. Qh5 Ng6 25. Bxd7 Bxd7 26. Nxh7 Bg7 27. Bxg7
Kxg7 28. Ng5 1-0

[Event "4NCL/Div2/WRO vs. HKF2"]
[Site "Birmingham ENG"]
[Date "2007.11.10"]
[Round "3.3"]
[White "Barrett, Steve J"]
[Black "Crombleholme, Alan K"]
[Result "1-0"]
[WhiteElo "2254"]
[BlackElo "2117"]
[PlyCount "47"]
[EventDate "2007.11.10"]
[EventType "team"]
[EventRounds "11"]
[EventCountry "ENG"]
[SourceDate "2007.09.15"]

1. d4 d5 2. c4 c6 3. Nf3 Nf6 4. Nc3 dxc4 5. Ne5 Nbd7 6. Nxd7 Qxd7 7. e4 b5 8.
e5 Nd5 9. Ne4 Qg4 10. f3 Qg6 11. g3 Bf5 12. Bg2 e6 13. O-O Nb4 14. b3 cxb3 15.
Qxb3 O-O-O 16. Be3 Kb7 17. Rfc1 Nd5 18. a4 b4 19. a5 Bxe4 20. fxe4 Nxe3 21. a6+
Kb8 22. Qa4 f6 23. Qxc6 Qf7 24. Ra5 1-0

[Event "4NCL/Div2/WRO vs. HKF2"]
[Site "Birmingham ENG"]
[Date "2007.11.10"]
[Round "3.4"]
[White "Forman, Karl L"]
[Black "Gayson, Peter M"]
[Result "0-1"]
[WhiteElo "2034"]
[BlackElo "2232"]
[PlyCount "54"]
[EventDate "2007.11.10"]
[EventType "team"]
[EventRounds "11"]
[EventCountry "ENG"]
[SourceDate "2007.09.15"]

1. e4 c5 2. d4 cxd4 3. c3 dxc3 4. Nxc3 e6 5. Nf3 d6 6. Bc4 Nf6 7. O-O Nc6 8.
Qe2 Be7 9. Rd1 e5 10. h3 O-O 11. Be3 Be6 12. Bb5 Qa5 13. Nd5 Bxd5 14. exd5 Nb8
15. Rac1 a6 16. Bc4 Nbd7 17. a3 Rac8 18. Nh4 g6 19. f4 Ne4 20. Nf3 Ng3 21. Qf2
Nf5 22. Bd2 Qb6 23. g4 Nh4 24. Ng5 Bxg5 25. fxg5 Nf3+ 26. Kg2 Qxf2+ 27. Kxf2
Nxd2 0-1

[Event "4NCL/Div2/WRO vs. HKF2"]
[Site "Birmingham ENG"]
[Date "2007.11.10"]
[Round "3.5"]
[White "Potts, Alan W"]
[Black "Parmar, Amisha"]
[Result "1/2-1/2"]
[WhiteElo "2262"]
[BlackElo "2007"]
[PlyCount "60"]
[EventDate "2007.11.10"]
[EventType "team"]
[EventRounds "11"]
[EventCountry "ENG"]
[SourceDate "2007.09.15"]

1. e4 c5 2. Nc3 Nc6 3. f4 g6 4. Bb5 Nd4 5. Nf3 Bg7 6. O-O a6 7. Bd3 e6 8. e5 d5
9. Nxd4 cxd4 10. Ne2 Qb6 11. Qe1 Ne7 12. b3 f6 13. Bb2 Nc6 14. exf6 Bxf6 15. f5
exf5 16. Nf4+ Kf7 17. Nxd5 Qd8 18. Nxf6 Qxf6 19. Qg3 Re8 20. Rae1 Be6 21. Qc7+
Qe7 22. Qb6 Qd7 23. Rf4 Rad8 24. a4 Kg7 25. Qc5 Bf7 26. Rff1 Qd6 27. Ba3 Qxc5
28. Bxc5 Ne5 29. Bc4 Nxc4 30. bxc4 Bxc4 1/2-1/2

[Event "4NCL/Div2/WRO vs. HKF2"]
[Site "Birmingham ENG"]
[Date "2007.11.10"]
[Round "3.6"]
[White "Foord, Dominic"]
[Black "Adams, David M"]
[Result "0-1"]
[WhiteElo "2004"]
[BlackElo "2218"]
[PlyCount "63"]
[EventDate "2007.11.10"]
[EventType "team"]
[EventRounds "11"]
[EventCountry "ENG"]
[SourceDate "2007.09.15"]

1. d4 f5 2. Nf3 Nf6 3. c4 e6 4. Nc3 Bb4 5. Qb3 Nc6 6. a3 Bxc3+ 7. Qxc3 Ne4 8.
Qc2 Qf6 9. e3 e5 10. b4 exd4 11. exd4 O-O 12. Bb2 Ng5 13. O-O-O Nxf3 14. gxf3
d5 15. Rg1 Be6 16. Re1 Rfe8 17. Bd3 Ne7 18. Kb1 c6 19. h4 Qf7 20. Qd2 Rad8 21.
h5 Kf8 22. Qg5 h6 23. Qf4 dxc4 24. Rxg7 Qxg7 25. Rxe6 cxd3 26. d5 Qg5 27. Qe5
Ng8 28. Qc7 Rxe6 29. dxe6 Qe7 30. Qe5 d2 31. Qxf5+ Nf6 32. Qh3 0-1

[Event "4NCL/Div2/WRO vs. HKF2"]
[Site "Birmingham ENG"]
[Date "2007.11.10"]
[Round "3.7"]
[White "Burnett, Jim"]
[Black "Tivillier, Jacques"]
[Result "1-0"]
[WhiteElo "2190"]
[BlackElo "1900"]
[PlyCount "73"]
[EventDate "2007.11.10"]
[EventType "team"]
[EventRounds "11"]
[EventCountry "ENG"]
[SourceDate "2007.09.15"]

1. d4 d5 2. c4 e6 3. Nc3 Nf6 4. Bg5 Be7 5. e3 O-O 6. Nf3 Nbd7 7. Rc1 h6 8. Bh4
b6 9. cxd5 exd5 10. Bd3 Bb7 11. O-O c5 12. Re1 Rc8 13. Bf5 g6 14. Bb1 Ne4 15.
Bxe7 Qxe7 16. Nd2 Ndf6 17. Ndxe4 dxe4 18. Qa4 Bc6 19. Qa3 Ba8 20. Nb5 a5 21.
dxc5 Rxc5 22. Rxc5 Qxc5 23. Qxc5 bxc5 24. Rd1 Rb8 25. Nc3 Kg7 26. b3 Rc8 27.
Na4 Bb7 28. h3 c4 29. Nb6 Rc5 30. Nxc4 Bd5 31. Nb6 Be6 32. Kh2 Rb5 33. Na4 Rb4
34. Nc3 h5 35. Rd4 Bf5 36. h4 Ng4+ 37. Kg3 1-0

[Event "4NCL/Div2/WRO vs. HKF2"]
[Site "Birmingham ENG"]
[Date "2007.11.10"]
[Round "3.8"]
[White "Alcock, Graham P"]
[Black "Khakimova, Masura"]
[Result "1/2-1/2"]
[WhiteElo "1935"]
[BlackElo "1925"]
[PlyCount "22"]
[EventDate "2007.11.10"]
[EventType "team"]
[EventRounds "11"]
[EventCountry "ENG"]
[SourceDate "2007.09.15"]

1. e4 d6 2. Nf3 e5 3. h3 Nf6 4. Nc3 Nc6 5. d3 Be7 6. Be2 O-O 7. O-O Be6 8. Be3
d5 9. exd5 Nxd5 10. Nxd5 Qxd5 11. Ng5 Nd4 1/2-1/2

[Event "4NCL/Div2/OXF1 vs. GUI3"]
[Site "Birmingham ENG"]
[Date "2007.11.10"]
[Round "3.1"]
[White "Savage, Ben D"]
[Black "Tymrakiewicz, Rafal"]
[Result "1/2-1/2"]
[WhiteElo "2332"]
[BlackElo "2252"]
[PlyCount "20"]
[EventDate "2007.11.10"]
[EventType "team"]
[EventRounds "11"]
[EventCountry "ENG"]
[SourceDate "2007.09.15"]

1. e4 Nf6 2. Nc3 d5 3. exd5 Nxd5 4. Bc4 Nb6 5. Bb3 c5 6. d3 Nc6 7. Qf3 e6 8.
Qg3 Nd4 9. Nf3 Nf5 10. Qh3 Be7 1/2-1/2

[Event "4NCL/Div2/OXF1 vs. GUI3"]
[Site "Birmingham ENG"]
[Date "2007.11.10"]
[Round "3.2"]
[White "Cooksey, Paul S"]
[Black "Ozeren, Kemal"]
[Result "0-1"]
[WhiteElo "2245"]
[BlackElo "2312"]
[PlyCount "106"]
[EventDate "2007.11.10"]
[EventType "team"]
[EventRounds "11"]
[EventCountry "ENG"]
[SourceDate "2007.09.15"]

1. d4 d5 2. c4 dxc4 3. Nf3 Nf6 4. e3 Bg4 5. Bxc4 e6 6. h3 Bh5 7. Nc3 Nbd7 8.
O-O Bd6 9. Be2 O-O 10. b3 c6 11. Bb2 Qe7 12. Qc2 a6 13. Rfd1 Rad8 14. Nd2 Bxe2
15. Nxe2 Ba3 16. Nc4 Bxb2 17. Qxb2 Ne4 18. Rac1 Qh4 19. Nf4 Ndf6 20. f3 Nd6 21.
Qf2 Qxf2+ 22. Kxf2 Nxc4 23. bxc4 c5 24. Rb1 cxd4 25. exd4 g5 26. Ne2 Rc8 27. c5
Rc7 28. Rb6 Rd8 29. Rdb1 Rdd7 30. c6 Rxc6 31. Rxc6 bxc6 32. Rb8+ Kg7 33. Ra8 c5
34. dxc5 Rc7 35. Rxa6 Rxc5 36. Nd4 Nd5 37. Rxe6 Nf4 38. Rc6 Ra5 39. a3 f6 40.
Rc3 Rd5 41. Rc4 Re5 42. Rc3 Rd5 43. Nb3 Rd1 44. a4 Rb1 45. g3 Rb2+ 46. Ke1 Nxh3
47. Rc7+ Kg6 48. Nc5 Ng1 49. a5 h5 50. a6 h4 51. a7 Ra2 52. g4 Nxf3+ 53. Kd1
Ne5 0-1

[Event "4NCL/Div2/OXF1 vs. GUI3"]
[Site "Birmingham ENG"]
[Date "2007.11.10"]
[Round "3.3"]
[White "Shaw, David A"]
[Black "Richardson, Keith B"]
[Result "1-0"]
[WhiteElo "2219"]
[BlackElo "2239"]
[PlyCount "95"]
[EventDate "2007.11.10"]
[EventType "team"]
[EventRounds "11"]
[EventCountry "ENG"]
[SourceDate "2007.09.15"]

1. e4 g6 2. d4 Bg7 3. Nc3 d6 4. Be3 a6 5. a4 Nf6 6. f3 O-O 7. Qd2 e5 8. Bc4
exd4 9. Bxd4 Nc6 10. Be3 Ne5 11. Bb3 Be6 12. Nd5 Nxd5 13. exd5 Bd7 14. O-O-O a5
15. Bd4 b5 16. axb5 Bxb5 17. Ne2 a4 18. Ba2 Re8 19. Nc3 Qd7 20. Kb1 a3 21. b3
f5 22. Rhe1 Ba6 23. Ne2 Bxe2 24. Rxe2 Rab8 25. Qc3 c5 26. dxc6 Nxc6 27. Rxe8+
Rxe8 28. Bxg7 Qxg7 29. b4+ Kf8 30. Qxa3 Rb8 31. c3 Qf6 32. Qb3 Kg7 33. Re1 Ne5
34. Qa3 Rc8 35. Qa7+ Kh6 36. Rc1 Nc4 37. Bxc4 Rxc4 38. Qe3+ f4 39. Qd3 d5 40.
Rc2 Qc6 41. Kb2 Qb5 42. Qd2 d4 43. Qxf4+ Kg7 44. Qd6 Qf5 45. Qe7+ Kg8 46. f4
Qd3 47. Qe2 dxc3+ 48. Kb3 1-0

[Event "4NCL/Div2/OXF1 vs. GUI3"]
[Site "Birmingham ENG"]
[Date "2007.11.10"]
[Round "3.4"]
[White "Anderton, Matthew N"]
[Black "Smallbone, Kieran"]
[Result "0-1"]
[WhiteElo "2233"]
[BlackElo "2216"]
[PlyCount "60"]
[EventDate "2007.11.10"]
[EventType "team"]
[EventRounds "11"]
[EventCountry "ENG"]
[SourceDate "2007.09.15"]

1. e4 c6 2. d4 d5 3. exd5 cxd5 4. c4 Nf6 5. Nc3 Be6 6. Nge2 dxc4 7. Nf4 Bg4 8.
f3 Bd7 9. Bxc4 e6 10. O-O Be7 11. Be3 O-O 12. Bb3 Qa5 13. Re1 Nc6 14. Bf2 Rfd8
15. Qe2 Bd6 16. Nd3 Be8 17. Rad1 Qh5 18. Ne5 Nd7 19. Ng4 Nb6 20. d5 Na5 21.
dxe6 Nxb3 22. axb3 f5 23. Ne5 Qh6 24. e7 Rdc8 25. Qd3 Bxe7 26. Nc4 Nxc4 27.
bxc4 Bb4 28. Qxf5 Rxc4 29. Rxe8+ Rxe8 30. Qd5+ Qe6 0-1

[Event "4NCL/Div2/OXF1 vs. GUI3"]
[Site "Birmingham ENG"]
[Date "2007.11.10"]
[Round "3.5"]
[White "White, Michael J R"]
[Black "Taylor, Mark"]
[Result "1-0"]
[WhiteElo "2274"]
[BlackElo "2150"]
[PlyCount "85"]
[EventDate "2007.11.10"]
[EventType "team"]
[EventRounds "11"]
[EventCountry "ENG"]
[SourceDate "2007.09.15"]

1. e4 e6 2. d4 d5 3. Nd2 Nc6 4. Ngf3 Nf6 5. e5 Nd7 6. c3 f6 7. Bb5 fxe5 8. dxe5
Be7 9. Nd4 Nxd4 10. cxd4 O-O 11. Bd3 Qe8 12. Qc2 Qh5 13. Qxc7 Qh4 14. Nf3 Rxf3
15. gxf3 Qxd4 16. Qc2 Nxe5 17. Bxh7+ Kh8 18. f4 Bb4+ 19. Kf1 Ng4 20. h3 Nxf2
21. Qxf2 Qxf2+ 22. Kxf2 Kxh7 23. Be3 Bd6 24. Rhg1 e5 25. fxe5 Bxe5 26. Rad1
Bxb2 27. Rxd5 Be6 28. Rb5 Rf8+ 29. Kg3 Ba3 30. Rxb7 Bd6+ 31. Kh4 Be5 32. Rb5
Rf5 33. a4 Bc4 34. Rg5 Rxg5 35. Kxg5 Bxb5 36. axb5 Bb8 37. Kf5 Kg8 38. Ke6 Kh7
39. Kf7 Be5 40. Bxa7 Kh6 41. Ke6 Bg3 42. Bd4 Kg6 43. b6 1-0

[Event "4NCL/Div2/OXF1 vs. GUI3"]
[Site "Birmingham ENG"]
[Date "2007.11.10"]
[Round "3.6"]
[White "Hill, David F"]
[Black "Rawlinson, Aidan"]
[Result "0-1"]
[WhiteElo "2059"]
[BlackElo "2221"]
[PlyCount "82"]
[EventDate "2007.11.10"]
[EventType "team"]
[EventRounds "11"]
[EventCountry "ENG"]
[SourceDate "2007.09.15"]

1. c4 e6 2. Nf3 d5 3. d4 Nf6 4. Nc3 c6 5. e3 Nbd7 6. Ne5 Nxe5 7. dxe5 Nd7 8. f4
Bb4 9. Bd2 O-O 10. cxd5 cxd5 11. Bd3 Nc5 12. Bc2 Qh4+ 13. g3 Qh3 14. Kf2 b6 15.
Qf1 Qxf1+ 16. Rhxf1 Ba6 17. Rfd1 Bd3 18. Rac1 Rac8 19. Kf3 Bxc2 20. Rxc2 Ne4
21. Ke2 Rc4 22. Rdc1 Rfc8 23. Kd3 h5 24. Be1 Kh7 25. a3 Bxc3 26. Bxc3 Nc5+ 27.
Ke2 Nb3 28. Rd1 d4 29. exd4 Nxd4+ 30. Rxd4 Rxd4 31. Ke3 Rd1 32. Rg2 Rcd8 33.
Bd2 Kg6 34. g4 R1xd2 35. gxh5+ Kxh5 36. Rxd2 Rxd2 37. Kxd2 Kg4 38. Ke3 Kh3 39.
f5 exf5 40. Kf4 Kxh2 41. Kxf5 Kg3 0-1

[Event "4NCL/Div2/OXF1 vs. GUI3"]
[Site "Birmingham ENG"]
[Date "2007.11.10"]
[Round "3.7"]
[White "Eckersley-Waites, Tom"]
[Black "Dreczkowski, Ryszard"]
[Result "1-0"]
[WhiteElo "2186"]
[BlackElo "2039"]
[PlyCount "121"]
[EventDate "2007.11.10"]
[EventType "team"]
[EventRounds "11"]
[EventCountry "ENG"]
[SourceDate "2007.09.15"]

1. e4 Nf6 2. Nc3 d5 3. exd5 Nxd5 4. Bc4 Nb6 5. Bb3 c5 6. d3 Nc6 7. Qf3 e6 8.
Qg3 a6 9. Nf3 Nd4 10. Bf4 Nf5 11. Qh3 Bd6 12. Bxd6 Qxd6 13. Ne4 Qe7 14. O-O-O
Bd7 15. g4 Nd4 16. Nxd4 cxd4 17. Qg3 Bc6 18. Qe5 O-O-O 19. Rhg1 g6 20. f4 Qc7
21. Ng5 Qxe5 22. fxe5 Rdf8 23. Rdf1 Be8 24. Rf4 Nd7 25. Nf3 Nc5 26. Nxd4 h5 27.
g5 Kd7 28. Bc4 Ke7 29. b4 Nd7 30. Nf3 Nb6 31. Bb3 Bc6 32. Rf1 Bd5 33. c4 Bc6
34. h4 Rc8 35. Nd4 Rhf8 36. Kd2 Bg2 37. R1f2 Bh3 38. Ke3 Nd7 39. Ke4 Bf5+ 40.
Nxf5+ exf5+ 41. Kd4 Rfd8 42. Kc3 Nxe5 43. Re2 Rxd3+ 44. Kc2 f6 45. Rf1 Rd4 46.
Rfe1 Re4 47. Rxe4 fxe4 48. Rxe4 Ke6 49. gxf6 Kxf6 50. Rf4+ Kg7 51. Kc3 Rf8 52.
Rxf8 Kxf8 53. c5 Ke7 54. Bd5 Nc6 55. a4 Kf6 56. b5 axb5 57. axb5 Nd8 58. Kd4
Kf5 59. b6 g5 60. Bxb7 Nxb7 61. c6 1-0

[Event "4NCL/Div2/OXF1 vs. GUI3"]
[Site "Birmingham ENG"]
[Date "2007.11.10"]
[Round "3.8"]
[White "Morris, Claire H"]
[Black "Tidman, Sophie"]
[Result "0-1"]
[WhiteElo "1885"]
[BlackElo "2092"]
[PlyCount "84"]
[EventDate "2007.11.10"]
[EventType "team"]
[EventRounds "11"]
[EventCountry "ENG"]
[SourceDate "2007.09.15"]

1. e4 e6 2. d4 d5 3. exd5 exd5 4. Bd3 Nc6 5. c3 Bd6 6. Nf3 Nge7 7. Qc2 Bg4 8.
Nbd2 Qd7 9. Nh4 Qe6+ 10. Kf1 Qf6 11. Ndf3 h6 12. h3 Bd7 13. g4 Bf4 14. Qe2 Bxc1
15. Rxc1 O-O-O 16. Re1 g5 17. Ng2 h5 18. Ne5 Be6 19. Rg1 hxg4 20. hxg4 Rh2 21.
Qf3 Qg7 22. Nxc6 bxc6 23. Ne3 Rdh8 24. Ke2 Ng6 25. Nf5 Qf8 26. Kd2 Nf4 27. Bc2
c5 28. Rh1 R8h3 29. Ng3 cxd4 30. Rxh2 dxc3+ 31. Qxc3 Rxh2 32. Qd4 a5 33. Nf5
Qb4+ 34. Qxb4 axb4 35. Rf1 c5 36. Ke3 Kc7 37. Rc1 d4+ 38. Kf3 d3 39. Ba4 c4 40.
Bb5 Rh3+ 41. Ng3 Ne2 42. Rd1 Nd4+ 0-1

[Event "4NCL/Div2/WES1 vs. BARY"]
[Site "Birmingham ENG"]
[Date "2007.11.10"]
[Round "3.1"]
[White "Yeo, Michael J (reserve)"]
[Black "Dorrington, Christopher"]
[Result "0-1"]
[WhiteElo "2153"]
[BlackElo "2240"]
[PlyCount "54"]
[EventDate "2007.11.10"]
[EventType "team"]
[EventRounds "11"]
[EventCountry "ENG"]
[SourceDate "2007.09.15"]

1. e4 c5 2. Nf3 d6 3. d4 Nf6 4. Nc3 cxd4 5. Nxd4 e6 6. Bg5 Be7 7. Qd2 a6 8.
O-O-O b5 9. Bd3 Bb7 10. f4 h6 11. Bh4 Nbd7 12. Rhe1 g5 13. fxg5 Ng4 14. Nxe6
fxe6 15. e5 Ngxe5 16. Ne4 Bxe4 17. Bxe4 Rb8 18. Kb1 hxg5 19. Bg3 Qc7 20. c3 Kf8
21. h4 gxh4 22. Rh1 Kg7 23. Bxh4 Rxh4 24. Rxh4 Bxh4 25. g3 Qc4 26. Bc2 Bf6 27.
Rh1 Rh8 0-1

[Event "4NCL/Div2/WES1 vs. BARY"]
[Site "Birmingham ENG"]
[Date "2007.11.10"]
[Round "3.2"]
[White "Coleman, David"]
[Black "Poulton, James"]
[Result "0-1"]
[WhiteElo "2234"]
[BlackElo "2372"]
[PlyCount "52"]
[EventDate "2007.11.10"]
[EventType "team"]
[EventRounds "11"]
[EventCountry "ENG"]
[SourceDate "2007.09.15"]

1. e4 e6 2. d4 d5 3. Nc3 Bb4 4. e5 c5 5. a3 Bxc3+ 6. bxc3 Ne7 7. Qg4 Qc7 8. Bd3
c4 9. Be2 Nf5 10. Nf3 Nc6 11. Qh3 Bd7 12. a4 O-O-O 13. g4 Qa5 14. Nd2 Nfe7 15.
Ba3 Qxa4 16. Bd1 Rde8 17. Qf1 Qa5 18. Bb2 Qb6 19. Ra2 f6 20. exf6 gxf6 21. Ba3
Qa5 22. Be2 Qxc3 23. Bb2 Qxc2 24. Qh3 Nb4 25. Rxa7 Qxb2 26. Qg3 e5 0-1

[Event "4NCL/Div2/WES1 vs. BARY"]
[Site "Birmingham ENG"]
[Date "2007.11.10"]
[Round "3.3"]
[White "Simons, Martin J"]
[Black "Taylor, Peter"]
[Result "1/2-1/2"]
[WhiteElo "2220"]
[BlackElo "2206"]
[PlyCount "63"]
[EventDate "2007.11.10"]
[EventType "team"]
[EventRounds "11"]
[EventCountry "ENG"]
[SourceDate "2007.09.15"]

1. e4 c6 2. Nc3 d5 3. Qf3 dxe4 4. Nxe4 Nd7 5. Ne2 Ngf6 6. N2c3 g6 7. d4 Bg7 8.
Bc4 O-O 9. Be3 Qa5 10. O-O Nxe4 11. Nxe4 Nb6 12. Bb3 Qf5 13. Qxf5 Bxf5 14. Nc5
a5 15. a4 Nd7 16. Nxd7 Bxd7 17. Rfe1 Rfe8 18. Bg5 Kf8 19. Rad1 h6 20. Bf4 Bf5
21. c3 Rac8 22. f3 g5 23. Be5 e6 24. g4 Bg6 25. Kf2 Red8 26. Ke3 Bxe5 27. dxe5
Ke7 28. f4 c5 29. Rxd8 Rxd8 30. Rd1 Rxd1 31. Bxd1 b6 32. Kf3 1/2-1/2

[Event "4NCL/Div2/WES1 vs. BARY"]
[Site "Birmingham ENG"]
[Date "2007.11.10"]
[Round "3.4"]
[White "Kilpatrick, Callum"]
[Black "Lock, Gavin R"]
[Result "1/2-1/2"]
[WhiteElo "2189"]
[BlackElo "2212"]
[PlyCount "100"]
[EventDate "2007.11.10"]
[EventType "team"]
[EventRounds "11"]
[EventCountry "ENG"]
[SourceDate "2007.09.15"]

1. Nf3 d5 2. d4 Nf6 3. c4 c6 4. e3 e6 5. Bd3 Nbd7 6. b3 b6 7. O-O Bb7 8. Bb2
Be7 9. Nc3 Qc7 10. Qc2 h6 11. Rad1 Rd8 12. h3 O-O 13. cxd5 exd5 14. Qe2 Rfe8
15. Ba6 Bd6 16. Rc1 Qb8 17. Nd2 Nf8 18. Qd3 Ne6 19. a3 c5 20. Bxb7 Qxb7 21. Nb5
Be7 22. Nf3 Ne4 23. Rfd1 a6 24. Nc3 cxd4 25. Nxd4 Nxd4 26. exd4 Bf6 27. Rc2 Ng5
28. Ne2 Ne6 29. a4 Rc8 30. Rdc1 Bg5 31. Rxc8 Rxc8 32. Rxc8+ Qxc8 33. g3 Bf6 34.
h4 Qb7 35. f4 Nc7 36. Qc2 Ne8 37. Ba3 Qc7 38. Qxc7 Nxc7 39. Bd6 Ne6 40. Be5
Bxe5 41. dxe5 Nc5 42. Nd4 Kf8 43. Kf2 h5 44. Ke3 g6 45. Kf3 Ne6 46. Nc2 Nc5 47.
Nd4 Ne6 48. Ke3 Nc5 49. Ke2 Ne4 50. Kf3 Nc5 1/2-1/2

[Event "4NCL/Div2/WES1 vs. BARY"]
[Site "Birmingham ENG"]
[Date "2007.11.10"]
[Round "3.5"]
[White "Webb, Richard M"]
[Black "Farrand, Julian T"]
[Result "1-0"]
[WhiteElo "2257"]
[BlackElo "2169"]
[PlyCount "31"]
[EventDate "2007.11.10"]
[EventType "team"]
[EventRounds "11"]
[EventCountry "ENG"]
[SourceDate "2007.09.15"]

1. e4 Nc6 2. Nf3 e6 3. d4 d5 4. Nc3 Nf6 5. exd5 exd5 6. Bb5 Bg4 7. h3 Bh5 8. g4
Bg6 9. Ne5 Qd6 10. Qe2 Be7 11. Bf4 Ne4 12. Nxg6 Qxg6 13. Nxd5 O-O-O 14. Bxc6
Bh4 15. Ne7+ Bxe7 16. Bxe4 1-0

[Event "4NCL/Div2/WES1 vs. BARY"]
[Site "Birmingham ENG"]
[Date "2007.11.10"]
[Round "3.6"]
[White "Hodgson, John H"]
[Black "Jenks, Bruce"]
[Result "1/2-1/2"]
[WhiteElo "2207"]
[BlackElo "2148"]
[PlyCount "55"]
[EventDate "2007.11.10"]
[EventType "team"]
[EventRounds "11"]
[EventCountry "ENG"]
[SourceDate "2007.09.15"]

1. e4 c5 2. Nf3 g6 3. d4 cxd4 4. Nxd4 Nc6 5. c4 Nf6 6. Nc3 d6 7. Nc2 Bg7 8. Be2
O-O 9. O-O b6 10. Be3 Bb7 11. Qd2 Rc8 12. f3 Re8 13. Rac1 Rc7 14. Rfd1 Rd7 15.
Bf1 e6 16. Bg5 Ne7 17. Qf2 h6 18. Be3 d5 19. cxd5 exd5 20. Bb5 Bc6 21. e5 Nh7
22. Bxc6 Nxc6 23. f4 g5 24. g3 gxf4 25. gxf4 f6 26. Qg2 fxe5 27. Rxd5 Rxd5 28.
Nxd5 1/2-1/2

[Event "4NCL/Div2/WES1 vs. BARY"]
[Site "Birmingham ENG"]
[Date "2007.11.10"]
[Round "3.7"]
[White "Hopkins, Jamie R"]
[Black "O'Toole, George E"]
[Result "1/2-1/2"]
[WhiteElo "2137"]
[BlackElo "1987"]
[PlyCount "83"]
[EventDate "2007.11.10"]
[EventType "team"]
[EventRounds "11"]
[EventCountry "ENG"]
[SourceDate "2007.09.15"]

1. c4 e5 2. g3 Nc6 3. Bg2 g6 4. Nc3 Bg7 5. d3 d6 6. Nf3 Nge7 7. O-O Be6 8. e4
h6 9. Rb1 a5 10. a3 Qd7 11. b4 axb4 12. axb4 Bg4 13. b5 Nd4 14. Be3 f5 15. Bxd4
exd4 16. Nd5 Nxd5 17. exd5 O-O 18. h3 Bh5 19. b6 c5 20. dxc6 Qxc6 21. Nh2 Bxd1
22. Bxc6 bxc6 23. Rfxd1 c5 24. b7 Rab8 25. Rb6 Rfd8 26. Nf3 Kf7 27. Nd2 Bf6 28.
Ra1 Rd7 29. Ra7 Bd8 30. Ra8 Bc7 31. Rxb8 Bxb8 32. Nb3 Ke7 33. Na5 Kd8 34. Rc6
Bc7 35. Kf1 g5 36. Kg2 Rf7 37. f3 Kd7 38. Ra6 Rf8 39. Nc6 Bb8 40. Kf2 Kc7 41.
Na5 Re8 42. g4 1/2-1/2

[Event "4NCL/Div2/WES1 vs. BARY"]
[Site "Birmingham ENG"]
[Date "2007.11.10"]
[Round "3.8"]
[White "Anandajeyarajah, Thilagini"]
[Black "Khoo, Selina"]
[Result "0-1"]
[WhiteElo "1720"]
[BlackElo "2010"]
[PlyCount "62"]
[EventDate "2007.11.10"]
[EventType "team"]
[EventRounds "11"]
[EventCountry "ENG"]
[SourceDate "2007.09.15"]

1. e4 c6 2. d4 d5 3. Nc3 dxe4 4. Nxe4 Bf5 5. Ng3 Bg6 6. Nf3 Nd7 7. h4 h6 8. h5
Bh7 9. Bd3 Bxd3 10. Qxd3 e6 11. Bd2 Ngf6 12. O-O-O Be7 13. Rde1 O-O 14. Ne5 Qc7
15. Nxd7 Qxd7 16. Ne2 Rfd8 17. Qe3 Qd5 18. a3 c5 19. Qe5 cxd4 20. Qxd5 Rxd5 21.
Nf4 Rd7 22. Nd3 Rc8 23. Bf4 Rd5 24. g4 Nxg4 25. Reg1 e5 26. Rxg4 exf4 27. Nxf4
Rdc5 28. Kb1 Rxc2 29. Nd5 Bf8 30. Rxd4 Rxf2 31. Nc3 Bxa3 0-1

[Event "4NCL/Div2/KHE vs. SWD1"]
[Site "Birmingham ENG"]
[Date "2007.11.10"]
[Round "3.1"]
[White "Kwiatkowski, Feliks J"]
[Black "Cobb, James E"]
[Result "1/2-1/2"]
[WhiteElo "2237"]
[BlackElo "2417"]
[PlyCount "67"]
[EventDate "2007.11.10"]
[EventType "team"]
[EventRounds "11"]
[EventCountry "ENG"]
[SourceDate "2007.09.15"]

1. e4 d6 2. d4 g6 3. Nc3 Bg7 4. f4 a6 5. Nf3 b5 6. Be3 Nd7 7. Qd2 Bb7 8. a3 c5
9. dxc5 Nxc5 10. Bd4 Nf6 11. e5 Nh5 12. Qe3 Ne6 13. Bb6 Qb8 14. f5 gxf5 15.
O-O-O dxe5 16. Nh4 Bf6 17. Qf2 e4 18. Nxf5 Qf4+ 19. Qxf4 Nhxf4 20. Ne3 O-O 21.
g3 Ng6 22. Ncd5 Bg5 23. h4 Bxe3+ 24. Nxe3 Ne5 25. Bh3 Rac8 26. Nf5 Rfe8 27. Nd4
Nd3+ 28. Kb1 Nf2 29. Nxe6 Nxh1 30. Be3 fxe6 31. Bxe6+ Kg7 32. Bxc8 Bxc8 33.
Rxh1 Bg4 34. Rh2 1/2-1/2

[Event "4NCL/Div2/KHE vs. SWD1"]
[Site "Birmingham ENG"]
[Date "2007.11.10"]
[Round "3.2"]
[White "Cooper, John G"]
[Black "Okike, David C"]
[Result "1/2-1/2"]
[WhiteElo "2366"]
[BlackElo "2183"]
[PlyCount "87"]
[EventDate "2007.11.10"]
[EventType "team"]
[EventRounds "11"]
[EventCountry "ENG"]
[SourceDate "2007.09.15"]

1. c4 Nf6 2. g3 g6 3. Bg2 Bg7 4. Nc3 d6 5. d4 O-O 6. Nf3 Nc6 7. O-O Bg4 8. d5
Na5 9. Nd2 c5 10. h3 Bd7 11. Qc2 a6 12. b3 b5 13. Bb2 bxc4 14. bxc4 Rb8 15.
Rac1 Rb4 16. Nd1 Qc7 17. Bc3 Rbb8 18. e4 Ne8 19. Bxg7 Nxg7 20. f4 f6 21. Nf2 e5
22. Nd3 Nh5 23. Kh2 Rbe8 24. Qc3 Nb7 25. Bf3 Ng7 26. Rb1 Nd8 27. Qb2 Qa5 28.
Nb3 Qc7 29. Nd2 Qa5 30. Nb3 Qc7 31. Qc3 Nf7 32. Qa5 Qc8 33. Bg2 f5 34. Nd2 g5
35. Rbe1 gxf4 36. gxf4 exf4 37. Rxf4 Nh5 38. Rff1 Ne5 39. Nxe5 Rxe5 40. exf5
Rxe1 41. Rxe1 Bxf5 42. Qc3 Qd7 43. Bf3 Ng7 44. Be4 1/2-1/2